| 000 | 00527nam a2200181Ia 4500 | ||
|---|---|---|---|
| 005 | 20250326141927.0 | ||
| 008 | 250326s9999 xx 000 0 und d | ||
| 037 | _aTextbook | ||
| 040 |
_aFMSL _beng _cFMSL |
||
| 041 |
_aeng _2eng |
||
| 084 |
_aY15(V6).4431 M3 _qFMSL |
||
| 100 |
_aD'lima H _9745279 |
||
| 245 | 0 |
_aWomen in local government: study of maharashtra _cD'lima H |
|
| 260 |
_aNew Delhi _bNew Delhi, Concept _c1983 |
||
| 300 | _a231p | ||
| 942 |
_cTB _hY15(V6).4431 M3 |
||
| 999 |
_c1292639 _d1292639 |
||